000 00312pam a2200133 a 4500
020 _c
041 _h
082 _a688.8
_bTAY
100 _aGiles Laher .
245 _aWhat is Packging Design
_hTextual Documents
260 _a[s.l]:
_bPage one Publishing ,
_c2007.
300 _a255:
_bpaper.
930 _a5808
999 _c239598
_d239598